01259 2200589 4500001002100000008004100021035002000062245005300082100001900135250000600154260003000160300001200190084001400202082000800216650001300224990001200237990001200249990001200261990001200273990001200285990001200297990001200309990001200321990001200333990001200345990001200357990001200369990001200381990001200393990001200405990001200417990001200429990001200441990001200453990001200465990001200477990001200489990001200501990001200513990001200525990001200537990001200549990001200561990001200573990001200585990001200597990001200609990001200621990001200633990001200645990001200657INLIS000000000000774 ind  a0010-0524000009 aX-Press UN Geografi SMA / MA 2020cTim Progresif aProgresif, Tim a1 aJakarta :bErlanggac2019 a148 hlm a900 TIM g a900 aNonFiksi a0740356 a0740357 a0740358 a0740359 a0740360 a0740361 a0740362 a0740363 a0740364 a0740365 a0740366 a0740367 a0740368 a0740369 a0740370 a0740371 a0740372 a0740373 a0740374 a0740375 a0740376 a0740377 a0740378 a0740379 a0740380 a0740381 a0740382 a0740383 a0740384 a0740385 a0740386 a0740387 a0740388 a0740389 a0740390 a0740391